Districts of Naples (with a map) - Statistics

General Stats
  • This quiz has been taken 130 times
  • The average score is 13 of 30
Answers on the Map
Answers color-coded by a green-red scale on the quiz's map according to % correct below.
 
Answer Stats
Municipalità Answer % Correct
Municipalità 5 Vomero
84%
Municipalità 1 Chiaia
74%
Municipalità 1 Posillipo
72%
Municipalità 8 Scampia
71%
Municipalità 10 Fuorigrotta
67%
Municipalità 2 Porto
59%
Municipalità 7 Secondigliano
59%
Municipalità 6 San Giovanni a Teduccio
57%
Municipalità 5 Arenella
55%
Municipalità 10 Bagnoli
54%
Municipalità 6 Barra
54%
Municipalità 6 Ponticelli
48%
Municipalità 9 Pianura
42%
Municipalità 8 Piscinola
40%
Municipalità 9 Soccavo
39%
Municipalità 3 Stella
39%
Municipalità 2 Mercato
38%
Municipalità 1 San Ferdinando
35%
Municipalità 8 Chiaiano
34%
Municipalità 3 San Carlo all'Arena
34%
Municipalità 7 Miano
31%
Municipalità 2 Avvocata
30%
Municipalità 2 Pendino
30%
Municipalità 4 Poggioreale
30%
Municipalità 4 San Lorenzo
29%
Municipalità 2 San Giuseppe
25%
Municipalità 2 Montecalvario
23%
Municipalità 7 San Pietro a Patierno
23%
Municipalità 4 Zona Industriale
23%
Municipalità 4 Vicaria
19%
No matching quizzes found
Score Distribution
Percent of People with Each Score
Percentile by Number Answered
Your Score History
You have not taken this quiz